<?xml version="1.0" encoding="UTF-8"?>
<collection xmlns="http://www.loc.gov/MARC21/slim">
 <record>
  <leader>01730nam a2200217Ia 4500</leader>
  <controlfield tag="001">CTU_19224</controlfield>
  <controlfield tag="008">210402s9999    xx            000 0 und d</controlfield>
  <datafield tag="082" ind1=" " ind2=" ">
   <subfield code="a">658.1502855369</subfield>
  </datafield>
  <datafield tag="082" ind1=" " ind2=" ">
   <subfield code="b">S345</subfield>
  </datafield>
  <datafield tag="100" ind1=" " ind2=" ">
   <subfield code="a">Schlosser, Michel</subfield>
  </datafield>
  <datafield tag="245" ind1=" " ind2="0">
   <subfield code="a">Corporate finance :</subfield>
  </datafield>
  <datafield tag="245" ind1=" " ind2="2">
   <subfield code="b">A model building approach</subfield>
  </datafield>
  <datafield tag="245" ind1=" " ind2="0">
   <subfield code="c">Michel Schlosser</subfield>
  </datafield>
  <datafield tag="260" ind1=" " ind2=" ">
   <subfield code="a">Hertforshire, U.K.</subfield>
  </datafield>
  <datafield tag="260" ind1=" " ind2=" ">
   <subfield code="b">Prentice-Hall International</subfield>
  </datafield>
  <datafield tag="260" ind1=" " ind2=" ">
   <subfield code="c">1992</subfield>
  </datafield>
  <datafield tag="520" ind1=" " ind2=" ">
   <subfield code="a">The book covers all the topics of modern corporate finance. Among the topics covered are: the language of financial accounting; financial budgeting and planning: how to build cash flow and, more generally, financial statements for various purposes, in various conditions and for various time horizons; working capital management: the impact of growth and inflation; the impact of operational strategies on cash generation; the concepts of return and of value; risk analysis: how to build models and understand risk; interest and foreign currency exposures; capital budgeting: how to evaluate new projects and, more generally, any strategic internative; how to value acquisitions and join ventures; market efficiency, risk-return relationship, models for evaluating stocks, cost of the different sources of financing; cost of capital and capital structure; introduction to opinion valuation: its potential for financial modeling; financial modeling as a framework which enables to integrate a variety of other management approaches (marketing, startegy, etc.) and to understand more clearly complex competitive situations.</subfield>
  </datafield>
  <datafield tag="650" ind1=" " ind2=" ">
   <subfield code="a">Corporations,Corporations</subfield>
  </datafield>
  <datafield tag="650" ind1=" " ind2=" ">
   <subfield code="x">Finance,Finance,Data processing</subfield>
  </datafield>
  <datafield tag="904" ind1=" " ind2=" ">
   <subfield code="i">Minh</subfield>
  </datafield>
  <datafield tag="980" ind1=" " ind2=" ">
   <subfield code="a">Trung tâm Học liệu Trường Đại học Cần Thơ</subfield>
  </datafield>
 </record>
</collection>
